000 00821nam a2200241 i 4500
001 190965
003 ES-MaACL
005 20250815140448.0
008 220908s it |||| ||ita d
080 _a75.0362(44)
080 _a75(44)"185/19"
100 1 _aRewald, John.
_996477
245 0 0 _aStoria dell'impresionismo /
_cJohn Rewald ; prefazione di Roberto Longhi ; traduzione a cura di Antonio Boschetto.
260 _aFirenze :
_bSansoni.
300 _aXXIX, 316 p., [192] h. de lám. :
_bil. ;
_c28 cm.
650 7 _aImpresionismo (Arte)
_2embne
_9136699
700 1 _aBoschetto, Antonio.
_930673
700 1 _aLonghi, Roberto.
_973239
852 4 _aES-MaACL
_9198154
_jA-166
_cSPP1
_bR.29335
942 _2udc
_cMONOGRAFIA
999 _c190965
_d190965